000
00270nam a22001217a 4500
008
170715b xxu||||| |||| 00| 0 eng d
041
_a
eng
080
_a
038
100
_a
23
101
_a
FJA
245
_a
DICTIONARY OF DATA PROCESSING
_c
WITTMANN, A
942
_2
udc
_c
BK
999
_c
21161
_d
21161